Laboratory manual : (Record no. 18672)
[ view plain ]
| 000 -LEADER | |
|---|---|
| fixed length control field | 00735nam a2200205 4500 |
| 008 - FIXED-LENGTH DATA ELEMENTS--GENERAL INFORMATION | |
| fixed length control field | 240110b ||||| |||| 00| 0 eng d |
| 020 ## - INTERNATIONAL STANDARD BOOK NUMBER | |
| International Standard Book Number | 0072907762 |
| 082 ## - DEWEY DECIMAL CLASSIFICATION NUMBER | |
| Edition number | 2000 |
| Classification number | DC 612.21 |
| Item number | M36e |
| 100 ## - MAIN ENTRY--PERSONAL NAME | |
| Personal name | Martin, Terry R. |
| 9 (RLIN) | 11264 |
| 245 ## - TITLE STATEMENT | |
| Title | Laboratory manual : |
| Remainder of title | Hole's essentials of human anatomy and physiology / |
| Statement of responsibility, etc. | Terry R. Martin and three others. |
| 260 ## - PUBLICATION, DISTRIBUTION, ETC. (IMPRINT) | |
| Place of publication, distribution, etc. | Boston : |
| Name of publisher, distributor, etc. | McGraw Hill, |
| Date of publication, distribution, etc. | ©2000. |
| 300 ## - PHYSICAL DESCRIPTION | |
| Extent | viii, 360 pages : |
| Other physical details | illustrations : |
| Dimensions | 28 cm. |
| 500 ## - GENERAL NOTE | |
| General note | Includes appendices and index. |
| 650 ## - SUBJECT ADDED ENTRY--TOPICAL TERM | |
| Topical term or geographic name as entry element | Human physiology. |
| 9 (RLIN) | 50673 |
| 650 ## - SUBJECT ADDED ENTRY--TOPICAL TERM | |
| Topical term or geographic name as entry element | Human anatomy. |
| 9 (RLIN) | 50674 |
| 700 ## - ADDED ENTRY--PERSONAL NAME | |
| Personal name | Shier, David. |
| Relator term | author. |
| 9 (RLIN) | 50675 |
| 700 ## - ADDED ENTRY--PERSONAL NAME | |
| Personal name | Butler, Jackie. |
| Relator term | author. |
| 9 (RLIN) | 50676 |
| 700 ## - ADDED ENTRY--PERSONAL NAME | |
| Personal name | Lewis, Ricki. |
| Relator term | author. |
| 9 (RLIN) | 50677 |
| 942 ## - ADDED ENTRY ELEMENTS (KOHA) | |
| Source of classification or shelving scheme | Dewey Decimal Classification |
| Koha item type | Circulation |
| Withdrawn status | Lost status | Source of classification or shelving scheme | Damaged status | Not for loan | Collection code | Home library | Current library | Date acquired | Total Checkouts | Full call number | Barcode | Date last seen | Price effective from | Koha item type |
|---|---|---|---|---|---|---|---|---|---|---|---|---|---|---|
| Dewey Decimal Classification | Circulation | UM Digos College - LIC | UM Digos College - LIC | 04/10/2008 | DC 612.12 M36e 2000 | 19499 | 05/15/2025 | 01/10/2024 | Circulation |
